000 00624nam a2200229Ia 4500
003 OSt
005 20220924151348.0
006 a|||||r|||| 00| 0
007 ta
008 220923b |||||||| |||| 00| 0 per d
024 _a337408
037 _cTextual
040 _aARTS
_cARTS
_bper
041 _2per
_aper
082 _aV45:1.L2, 164H1
100 _aGulistanah Abul Hasan Bin Mohammad Au.
_9224129
245 0 _aMujammiluttawarikh
260 _c1941
650 _aIRAN - HISTORY
942 _hV45:1.L2, 164H1
_cTEXL
_2CC
999 _c466351
_d466351